000 00978cam a2200253 a 4500
001 000019499
005 20200929170033.0
008 830808s1955 sp 001 e spa d
040 _aDO-SdBNP
_cCarP
_dDLC
_dBNPHU
082 _a864.6
_bM542i, 1955
100 1 _aMenéndez Pidal, Ramón,
_d1869-1968
_93902
245 1 0 _aIdea imperial de Carlos V :
_bla condesa traidora. El romanz del infant García. Adefonsus Imperator Toletanus /
_cRamón Menéndez Pidal.
250 _a4a ed.
260 _aMadrid :
_bEspasa-Calpe,
_c1955.
300 _a163 p. ;
_c18 cm.
490 1 _aAustral. Verde: ensayos y filosofía
_v172
500 _aIncluye índice de autores.
650 4 _aEnsayos españoles
_93095
650 4 _aLiteratura española
_ySIGLO XX
_93326
600 1 4 _aCARLOS
_bV,
_cEMPERADOR DE ALEMANIA,
_d1500-1558
_vENSAYOS, CONFERENCIAS, ETC.
_941861
830 0 _aAustral.
_pVerde : Ensayos y filosofía ;
_v172
_98733
910 _aCatalogación derivada / LC
049 _aBNGR
999 _c19015
_d19015